00226nam a2200085Ia 4500001000800000005001700008008004100025245005300066260002100119102451120250826231255.0250824s9999 xx 000 0 und d 0aFURKAN ALLAH’A EMANET OLcKAHRAMAN TAZEOĞLU  bDESTEK YAYINLARI